Malambo : (Registro nro. 21634)

Detalles MARC
000 -Cabecera
Campo de control interno 00876nam a2200229Ia 4500
005 - Fecha y hora del registro
control field 20260416145009.0
008 - Elementos de Longitud Fija
fixed length control field 260320s9999||||xx |||||||||||||| ||und||
020 ## - ISBN
ISBN 9786123179632
041 ## - Idioma
Codigo Idioma ESP
082 ## - DEWEY y NOTACIÓN INTERNA
Dewey 305.896085
Notación Interna R72
100 ## - AUTOR
Autor denominación Rocca Torres, Luis,
Término de relación autor
245 #0 - TÍTULO DE MATERIAL BIBLIOGRÁFICO
Título Malambo :
Título paralelo historia y artes del primer barrio afroperuano de Lima
250 ## - EDICIÓN
Edición Primera edición
260 ## - CIUDAD, EDITORIAL, AÑO
Ciudad Lima :
Nombre de la Editorial Pontificia Universidad Católica del Perú. Fondo Editorial,
Año 2024
300 ## - DESCRIPCIÓN
N° Páginas 440 páginas :
Otros detalles cuadros ;
Dimensiones 24 cm.
650 ## - TEMAS
Temas Ciencias Sociales
653 ## - DESCRIPTORES
Lenguajes no controlado Barrio de Malambo - Lima (Perú) - Historia; Afroperuanos - Lima (Perú) - Historia; Negros - Lima - Condiciones sociales - Historia
654 ## - PROGRAMAS
Programa Dpto. de Humanidades
856 ## - URL - UBICACIÓN
URI/URL: Enlace exacto del recurso <a href="https://0u20jwr11-y-https-www-jstor-org.itmsp.museknowledge.com/">https://0u20jwr11-y-https-www-jstor-org.itmsp.museknowledge.com/</a>
Nota pública: Versión digital <a href="Véase además: Base de datos JSTOR">Véase además: Base de datos JSTOR</a>
942 ## - ELEMENTOS DE KOHA
Tipo de documento Libro
Nombre del creador Justo Noguera
Código de catalogador Margarita Torres
Esquema de clasificación Dewey Decimal Classification
Existencias
Codigo completo Registro Colección Copia número Disponibilidad Tipo de préstamo Biblioteca Actual Procedencia (Biblioteca) Ubicacón Fecha Ingreso Tipo de Adquisición Date last seen Total checkouts Price effective from Tipo de Item Estado del Material Fuente de Clasificación Damaged status Withdrawn status
305.896085 R72 1085181 Universidad Católica San Pablo 1 Disponible Disponible Víctor Andrés Belaunde Víctor Andrés Belaunde Planta baja abierta 24/03/2026 Compra 24/03/2026   24/03/2026 Libro Bueno Dewey Decimal Classification